|
|
|
|
| LEADER |
00000nam0a2200000 4500 |
| 001 |
155945 |
| 005 |
20231101221854.0 |
| 035 |
|
|
|a (RuTPU)RU\TPU\book\169134
|
| 090 |
|
|
|a 155945
|
| 100 |
|
|
|a 20090320d1987 k y0rusy50 ca
|
| 101 |
0 |
|
|a rus
|
| 102 |
|
|
|a RU
|
| 105 |
|
|
|a a z 001zb
|
| 200 |
1 |
|
|a Очерки истории отечественной энергетики: развитие научно-технической мысли
|f Л. А. Мелентьев
|
| 210 |
|
|
|a Москва
|c Наука
|d 1987
|
| 215 |
|
|
|a 280 с.
|c ил.
|
| 320 |
|
|
|a Библиогр.: с. 271-274.
|
| 320 |
|
|
|a Именной указатель: с. 275-277.
|
| 600 |
|
1 |
|a Мелентьев
|b Л. А.
|g Лев Александрович
|c российский энергетик
|f 1908-1986
|2 stltpush
|3 (RuTPU)RU\TPU\pers\12233
|
| 606 |
1 |
|
|a Энергетика
|2 stltpush
|3 (RuTPU)RU\TPU\subj\21200
|9 46224
|
| 610 |
1 |
|
|a энергетический баланс
|
| 610 |
1 |
|
|a СССР
|
| 610 |
1 |
|
|a Россия
|
| 610 |
1 |
|
|a история
|
| 610 |
1 |
|
|a 20 век
|
| 610 |
1 |
|
|a этапы
|
| 610 |
1 |
|
|a электрификация
|
| 610 |
1 |
|
|a план ГОЭЛРО
|
| 610 |
1 |
|
|a Единая энергетическая система
|
| 610 |
1 |
|
|a электрические станции
|
| 610 |
1 |
|
|a теплофикация
|
| 610 |
1 |
|
|a ТЭЦ
|
| 610 |
1 |
|
|a теплоэлектроцентрали
|
| 610 |
1 |
|
|a теплоснабжение
|
| 610 |
1 |
|
|a тепловые сети
|
| 675 |
|
|
|a 620.9(09)
|v 3
|
| 700 |
|
1 |
|a Мелентьев
|b Л. А.
|g Лев Александрович
|
| 801 |
|
1 |
|a RU
|b 63413507
|c 20090320
|g PSBO
|
| 801 |
|
2 |
|a RU
|b 63413507
|c 20130316
|g PSBO
|
| 942 |
|
|
|c BK
|